00536 2200193 4500245008200000020002200082250001100104100002600115700001800141700002500159650001600184650001000200005001900210260005700229041001400286084000800300300002500308336000900333 aBuku Panduan Guru Informatika untuk SMA Kelas XIcPaulina H. Prima RosahText a978-602-244-860-0 aCet. 1 aPaulina H. Prima Rosa aAuzi Asfarian aLucki Hersya Rachman aInformatika aEbook a20230616071927 aJakartabKementerian Pendidikan dan Kebudayaanc2021 aIndonesia a004 axii, 244 hlm. :cPDF atext